A town like Alice

שמור ב:
מידע ביבליוגרפי
מחבר ראשי: Shute, Nevil (Author)
פורמט: ספר
שפה:אנגלית
יצא לאור: Londres Pan Books 1961
נושאים:
תגים: הוספת תג
אין תגיות, היה/י הראשונ/ה לתייג את הרשומה!

MARC

LEADER 00000nam a2200000 a 4500
001 UCQ3935
003 CL-VaPUC
008 980828e19610000UK |||||||||||||||||eng|d
082 0 4 |a 823  |b SHU  |2 21 
100 0 |a Shute, Nevil  |e author  |9 418118 
245 1 2 |a A town like Alice 
300 |a 314 p 
942 |c BK 
945 |d 19980828 00:00:00  |a crobeson 
260 |a Londres  |b Pan Books  |c 1961 
650 0 |a Novelas inglesas  |9 265220 
650 0 |a Literatura inglesa  |9 312907 
583 |a last modification  |c 19980828 00:00:00  |k Rodrigo Vera 
999 |c 274445  |d 274443 
952 |0 0  |1 0  |4 0  |6 823_000000000000000_SHU_1961  |7 0  |8 A  |9 310606  |a BIBEDU  |b BIBEDU  |d 2019-11-20  |i 1459872  |o 823 SHU 1961  |p 1459872  |r 2019-11-20  |w 2019-11-20  |y BK  |k LIT